Catalogue of the institute of Asian economic Affairs 1963

में बचाया:
ग्रंथसूची विवरण
स्वरूप: पुस्तक
भाषा:Undetermined
प्रकाशित: 1963
विषय:
टैग : टैग जोड़ें
कोई टैग नहीं, इस रिकॉर्ड को टैग करने वाले पहले व्यक्ति बनें!
Thư viện lưu trữ: Trung tâm Học liệu Trường Đại học Cần Thơ
LEADER 00413nam a2200145Ia 4500
001 CTU_104657
008 210402s9999 xx 000 0 und d
082 |a 016.3825 
082 |b C357 
245 0 |a Catalogue of the institute of Asian economic Affairs 1963 
260 |c 1963 
650 |a Châu Á 
650 |x Kinh tế,Danh mục 
904 |i Truc 
980 |a Trung tâm Học liệu Trường Đại học Cần Thơ